|
|
|
|
| LEADER |
00000nam0a2200000 4500 |
| 001 |
45482 |
| 005 |
20231031023920.0 |
| 010 |
|
|
|a 5756701532
|
| 035 |
|
|
|a (RuTPU)RU\TPU\book\47333
|
| 090 |
|
|
|a 45482
|
| 100 |
|
|
|a 20021210d2001 m y0rusy50 ca
|
| 101 |
0 |
|
|a rus
|
| 102 |
|
|
|a RU
|
| 105 |
|
|
|a y j 001zy
|
| 200 |
1 |
|
|a Задачи по общей психологии
|e учебное пособие для вузов
|f Е. Е. Сапогова
|
| 210 |
|
|
|a Москва
|c Аспект Пресс
|d 2001
|
| 215 |
|
|
|a 447 с.
|
| 320 |
|
|
|a Библиогр.: с. 441-446.
|
| 610 |
1 |
|
|a психология
|
| 610 |
1 |
|
|a теория
|
| 610 |
1 |
|
|a методология
|
| 610 |
1 |
|
|a психика
|
| 610 |
1 |
|
|a сознание
|
| 610 |
1 |
|
|a мозг
|
| 610 |
1 |
|
|a деятельность
|
| 610 |
1 |
|
|a речь
|
| 610 |
1 |
|
|a темперамент
|
| 610 |
1 |
|
|a характер
|
| 610 |
1 |
|
|a способности
|
| 610 |
1 |
|
|a эмоции
|
| 610 |
1 |
|
|a воля
|
| 610 |
1 |
|
|a психические процессы
|
| 610 |
1 |
|
|a восприятие
|
| 610 |
1 |
|
|a ощущения
|
| 610 |
1 |
|
|a мышление
|
| 610 |
1 |
|
|a внимание
|
| 610 |
1 |
|
|a память
|
| 610 |
1 |
|
|a воображение
|
| 610 |
1 |
|
|a творчество
|
| 610 |
1 |
|
|a задачи
|
| 610 |
1 |
|
|a практические пособия
|
| 610 |
1 |
|
|a учебные пособия
|
| 686 |
|
|
|a Ю93я73
|v LBC/SL-A
|2 rubbk
|
| 700 |
|
1 |
|a Сапогова
|b Е. Е.
|g Елена Евгеньевна
|
| 801 |
|
1 |
|a RU
|b 63413507
|c 20021210
|g PSBO
|
| 801 |
|
2 |
|a RU
|b 63413507
|c 20030105
|g PSBO
|
| 900 |
|
|
|a Психология
|
| 942 |
|
|
|c BK
|
| 954 |
|
|
|a 521000
|b 020400
|